<?xml version="1.0" encoding="UTF-8"?><?xml-stylesheet type="text/xsl" href="static/style.xsl"?><OAI-PMH xmlns="http://www.openarchives.org/OAI/2.0/" xmlns:xsi="http://www.w3.org/2001/XMLSchema-instance" xsi:schemaLocation="http://www.openarchives.org/OAI/2.0/ http://www.openarchives.org/OAI/2.0/OAI-PMH.xsd"><responseDate>2026-04-18T07:47:06Z</responseDate><request verb="GetRecord" identifier="oai:www.recercat.cat:2072/458349" metadataPrefix="marc">https://recercat.cat/oai/request</request><GetRecord><record><header><identifier>oai:recercat.cat:2072/458349</identifier><datestamp>2025-05-08T10:49:22Z</datestamp><setSpec>com_2072_98</setSpec><setSpec>col_2072_378192</setSpec></header><metadata><record xmlns="http://www.loc.gov/MARC21/slim" xmlns:dcterms="http://purl.org/dc/terms/" xmlns:xsi="http://www.w3.org/2001/XMLSchema-instance" xmlns:doc="http://www.lyncode.com/xoai" xsi:schemaLocation="http://www.loc.gov/MARC21/slim http://www.loc.gov/standards/marcxml/schema/MARC21slim.xsd">
   <leader>00925njm 22002777a 4500</leader>
   <datafield ind2=" " ind1=" " tag="042">
      <subfield code="a">dc</subfield>
   </datafield>
   <datafield ind2=" " ind1=" " tag="720">
      <subfield code="a">Moreno Sardà, Amparo</subfield>
      <subfield code="e">author</subfield>
   </datafield>
   <datafield ind2=" " ind1=" " tag="260">
      <subfield code="c">2014</subfield>
   </datafield>
   <datafield ind2=" " ind1=" " tag="520">
      <subfield code="a">Las TTIICC favorecen un cambio profundo en la construcción del conocimiento sobre el pasado y el presente de la existencia humana, al facilitar la participación de mujeres y hombres. Pero para ello es necesaria también una revolución de las Ciencias Humanas y Sociales que modifique un paradigma androcéntrico, que los considera objeto de estudio y menosprecia las aportaciones personales como insignificantes. La Historia de la Comunicación, al proponerse articular las redes de comunicación tejidas en los itinerarios personales con las tramas históricas colectivas, hace aportaciones a este cambio.</subfield>
   </datafield>
   <datafield ind2=" " ind1=" " tag="520">
      <subfield code="a">Facilitating the participation of women and men, ICTs can ensure a profound change in the construction of the past and present knowledge of human existence. However, for this, it is necessary a revolution of the Human and Social Sciences that will modify an androcentric paradigm that considers people as a study object and underestimates their personal contributions. The History of Communication makes contributions to this change because it proposes to articulate the personal networking communication and life plans of individual people with the collective history.</subfield>
   </datafield>
   <datafield tag="653" ind2=" " ind1=" ">
      <subfield code="a">History of communication</subfield>
   </datafield>
   <datafield tag="653" ind2=" " ind1=" ">
      <subfield code="a">Cooperative plural humanism</subfield>
   </datafield>
   <datafield tag="653" ind2=" " ind1=" ">
      <subfield code="a">Well positioned and networking active</subfield>
   </datafield>
   <datafield tag="653" ind2=" " ind1=" ">
      <subfield code="a">Scientific revolution</subfield>
   </datafield>
   <datafield tag="653" ind2=" " ind1=" ">
      <subfield code="a">Historia de la comunicación</subfield>
   </datafield>
   <datafield tag="653" ind2=" " ind1=" ">
      <subfield code="a">Humanismo plural posicionado</subfield>
   </datafield>
   <datafield tag="653" ind2=" " ind1=" ">
      <subfield code="a">En red y cooperativo</subfield>
   </datafield>
   <datafield tag="653" ind2=" " ind1=" ">
      <subfield code="a">Revolución científica</subfield>
   </datafield>
   <datafield ind2="0" ind1="0" tag="245">
      <subfield code="a">La Historia de la comunicación : aportaciones a la construcción de un humanismo plural, posicionado, en red y cooperativo</subfield>
   </datafield>
</record></metadata></record></GetRecord></OAI-PMH>